| 000 | 01210 a2200337 4500 | ||
|---|---|---|---|
| 003 | Nust | ||
| 005 | 20170207154049.0 | ||
| 010 | _a 2004022581 | ||
| 020 | _a0-8389-0892-6 | ||
| 035 | _a(DLC) 2004022581 | ||
| 040 | _cNust | ||
| 082 | 0 | 0 | _a027 |
| 100 | 1 | _aDurrance, Joan C. | |
| 245 | 1 | 0 |
_aHow libraries and librarians help :a guide to identifying user-centered outcomes(E-BOOK) _cJoan C. Durrance and Karen E. Fisher ; with Marian Bouch Hinton |
| 260 |
_aChicago : _bAmerican Library Association, _c2005 |
||
| 300 |
_ax, 183 s. : _bill. |
||
| 650 | 0 |
_aBibliotek och samh䬬e _zF?ta staterna |
|
| 650 | 0 |
_aBibliotek _xutv䲤ering |
|
| 650 | 0 |
_aBibliotek _xutv䲤ering _zF?ta staterna |
|
| 650 | 0 | _aBiblioteksservice | |
| 650 | 0 |
_aFolkbibliotek _xutv䲤ering _zF?ta staterna |
|
| 650 | 0 |
_aLibraries and community _zUnited States. |
|
| 650 | 0 |
_aLibraries _xEvaluation. |
|
| 650 | 0 |
_aLibraries _zUnited States _xEvaluation. |
|
| 650 | 0 |
_aPublic libraries _zUnited States _xEvaluation |
|
| 650 | 0 |
_aPublic services (Libraries) _xEvaluation. |
|
| 650 | 0 |
_aPublic services (Libraries) _zUnited States _xEvaluation. |
|
| 651 | _aE-BOOK | ||
| 700 | 1 |
_aFisher, Karen E., _d1966- |
|
| 700 | 1 | _aHinton, Marian Bouch | |
| 942 |
_2ddc _cBK |
||
| 999 |
_c193059 _d193059 |
||